000 01042nam2a22002411 4500
001 RU\NLR\INFOCOMM55\1000096214
005 20250617000543.0
035 _a(NLR Aleph) 002300853
090 _a4224401
_c4224401
100 _a20040920d1978 |||y0rusy50 ca
101 0 _arus
102 _aRU
105 _ay |||||||||
200 1 _aСильноточные излучающие разряды и газовые лазеры с оптической накачкой
210 _d1978
_aБ. м.
461 0 _1001RU\NLR\INFOCOMM55\1000096199
_12001#$aРадиотехника$fГос. ком. Совета Министров СССР по науке и технике. АН СССР. ВИНИТИ$vТ.15
_94224294
_cМ.
_d1972-
_fГос. ком. Совета Министров СССР по науке и технике. АН СССР. ВИНИТИ
_tРадиотехника
_vТ.15
801 1 _aRU
_bInfoComm
_c20040920
801 0 _aRU
_bNLR
_gPSBO
852 _aNLR
_jП10/4543
942 _cISSUE
980 _aNB
980 _aRUSPER